Расчётная оценка деформаций колец от релаксации технологических остаточных напряжений при нагреве; Прогрессивные технологии и экономика в машиностроении

Bibliografske podrobnosti
Parent link:Прогрессивные технологии и экономика в машиностроении.— 2003.— С. 149-150
Glavni avtor: Скворцов В. Ф. Владимир Федорович
Jezik:ruščina
Izdano: 2003
Teme:
Format: MixedMaterials Book Chapter
KOHA link:https://koha.lib.tpu.ru/cgi-bin/koha/opac-detail.pl?biblionumber=111547

MARC

LEADER 00000naa2a2200000 4500
001 111547
005 20231031120855.0
035 |a (RuTPU)RU\TPU\book\120477 
090 |a 111547 
100 |a 20070316d2003 k y0rusy50 ca 
101 0 |a rus 
102 |a RU 
200 1 |a Расчётная оценка деформаций колец от релаксации технологических остаточных напряжений при нагреве   |f В. Ф. Скворцов 
463 0 |0 (RuTPU)RU\TPU\book\63552  |y 5-98298-035-8  |t Прогрессивные технологии и экономика в машиностроении  |o Труды Всероссийской научно-практической конференции, Юрга, 24-25 апреля 2003 г.  |f Томский политехнический университет; Филиал ТПУ в Юрге; Отв. ред. Б. Г. Долгун  |v С. 149-150  |d 2003  |p 374 с. 
610 1 |a деформация 
610 1 |a остаточные напряжения 
610 1 |a нагрев деталей 
610 1 |a закалка 
610 1 |a релаксация 
610 1 |a расчётные оценки 
610 1 |a труды учёных ТПУ 
700 1 |a Скворцов  |b В. Ф.  |c специалист в области машиностроения  |c доцент Томского политехнического университета, кандидат технических наук  |f 1947-  |g Владимир Федорович  |2 stltpush  |3 (RuTPU)RU\TPU\pers\25590 
801 1 |a RU  |b 63413507  |c 20070316  |g PSBO 
801 2 |a RU  |b 63413507  |c 20150520  |g RCR 
942 |c BK